000 00315nam a22001337a 4500
020 _a1-85534-159-X
082 _a823
_bHAM/N
100 _aHAMILTON, JUDY
245 _aTHE NIGHT BEFORE CHRISTMAS
260 _aUK
_bTARANTULA BOOKS
520 _aENGLISH SHORT STORY
650 _aENGLISH SHORT STORY
_zUK
942 _cBK
999 _c4889
_d4889